1578 1892 1088 1196 1750 1411 1412 1549 1521 1382 1182 1905 1012 1898 1561 1474 1403 1332 1642 1244 1948 1770 1448 1754 1485 1422 1262 1495 1761 1412 1571 1461 1251 1465 1321 1286 1365 1630 1374 1783 1520 1526 1532 1057 1414 1614 1356 1959 1869 1502 1132 1459 1843 1311 1472 1075 1299 1774 1622 1123 1301 1021 1813 1265 1402 1872 1555 1032 1418 1615 1437 1882 1290 1568 1487 1950 1429 1446 1950 1924 1479 1887 1124 1433 1262 1432 1737 1436 1969 1940 1695 1244 1860 1365 1403 1161 1083 1917 1967 BCNSPRNW ULIB Ver.6.0+V

เปลี่ยนเป็นภาษาไทย

Change to English
 แสดงรายละเอียดบรรณานุกรม
  กลับหน้าหลัก

Brief Record : Get Marc (ISO 2709) : E-mail record : QR code < ปิดหน้าต่าง
LEADER : 00000nam 2200000uu 4500
001    13399123723
003     ULIB
008    141119s2557||||th 000 0 tha d
020    ^a9786169161523
060  0 ^aWS280^bอ336S
245 00 ^aSmart practice in common pediatric respiratory problems/^cบรรณาธิการโดย อรุณวรรณ พฤทธิพันธุ์ และคนอื่น ๆ
260    ^aกรุงเทพฯ:^bชมรมโรคระบบหายใจและเวชบำบัดวิกฤตในเด็กแห่งประเทศไทย,^c2557.
300    ^a326 หน้า ;^c26.5 ซม.
650  0 ^aRespiratory Diseases, Pediatrics
700 0  ^aอรุณวรรณ พฤทธิพันธุ์,^eบรรณาธิการ
700 0  ^aวนิดา เปาอินทร์,^eบรรณาธิการ
700 0  ^aรุจิภัตต์ สำราญสำรวจกิจ,^eบรรณาธิการ
700 0  ^aกนกพร อุดมอิทธิพงศ์,^eบรรณาธิการ
945    ^p400^l0^i21773
945    ^p400^l0^i21774
999    ^aทศพร เกษรทอง
รายการนี้ยังไม่มีแท็ก
คุณยังไม่ได้ล็อกอิน คุณสามารถมีกิจกรรมร่วมกับเว็บไซต์ได้ แต่ต้องล็อกอินก่อน ::
  ล็อกอิน

รายการสื่อสารสนเทศ

ลำดับที่ ประเภท เลขเรียก/บาร์โค้ด สถานที่ สถานะ
1. วิทยาศาสตร์การแพทย์ และสุขภาพ
วิทยาศาสตร์การแพทย์ และสุขภาพ
สถานะ=หนังสือเก่า
WS280 อ336S ฉ.1 
  Barcode: 21773
ห้องสมุดวิทยาเขตนครสวรรค์
►ส่วนจัดเก็บหนังสือเก่า นว.
บนชั้น
  ขอยืม
2. วิทยาศาสตร์การแพทย์ และสุขภาพ
วิทยาศาสตร์การแพทย์ และสุขภาพ
สถานะ=หนังสือเก่า
WS280 อ336S ฉ.2 
  Barcode: 21774
ห้องสมุดวิทยาเขตนครสวรรค์
►ส่วนจัดเก็บหนังสือเก่า นว.
บนชั้น
  ขอยืม

รายการใกล้เคียง
    หัวเรื่อง [Respiratory Diseases, Pediatrics]

BibComment


ยังไม่เคยถูกคอมเมนท์

คอมเมนท์ทรัพยากรรายการนี้
  คอมเมนท์: Smart practice i..


 Copyright 2026. Bcnsprnw @Library